Statistics for Generator Puzzle #58

Click here to take the quiz!

General Stats

  • This quiz has been taken 156 times
  • The average score is 16 of 21

Answer Stats

word% Correct
unable to heardeaf
97%
told a fiblied
92%
shop selling cooked meats,
cheeses and salads
deli
88%
two-man shootoutduel
88%
to phone, or a clock facedial
85%
antonym of achievedfailed
82%
small game birdquail
82%
sell illegal drugsdeal
81%
slang for poundquid
80%
ran awayfled
79%
Hg & H2O, at room temperatureliquid
79%
what curtains do after enough sunfade
78%
goodbye in Frenchadieu
71%
part of a plantleaf
71%
the same asequal
66%
of the Middle Ages system where
serfs work on their lord's land
feudal
66%
plague-causing insectflea
62%
goes with playing, magnetic and outfield
56%
two of somethingdual
55%
old in Scotlandauld
53%
9-letter wordQUALIFIED
47%

Score Distribution

Percentile by Number Answered

Percent of People with Each Score

Your Score History

You have not taken this quiz